Discursos selectos. (Record no. 184449)

MARC details
000 -LEADER
campo de control de longitud fija 00688nam a2200169 i 4500
001 - NÚMERO DE CONTROL
campo de control 184449
003 - IDENTIFICADOR DE NÚMERO DE CONTROL
campo de control ES-MaACL
005 - FECHA Y HORA DE LA ÚLTIMA TRANSACCIÓN
campo de control 20250801161305.0
008 - DATOS DE LONGITUD FIJA--INFORMACIÓN GENERAL
campo de control de longitud fija 150831s1905 sp |||| | spa d
245 00 - MENCIÓN DEL TÍTULO
Título Discursos selectos.
Número de parte o sección de la obra Tomo I.
260 ## - PUBLICACIÓN, DISTRIBUCIÓN, ETC.
Lugar de publicación, distribución, etc. Madrid :
Nombre del editor, distribuidor, etc. Perlado, Páez y Compañía,
Fecha de publicación, distribución, etc. 1905 (
Fabricante Imp. de los Sucesores de Hernando)
300 ## - DESCRIPCIÓN FÍSICA
Extensión 223 p. ;
Dimensiones 14 cm.
490 1# - MENCIÓN DE SERIE
Mención de serie Biblioteca Universal : colección de los mejores autores antiguos y modernos, nacionales y extranjeros ;
Designación de volumen o secuencia 152
830 00 - PUNTO DE ACCESO ADICIONAL DE SERIE-TÍTULO UNIFORME
Título uniforme Biblioteca universal.
Nombre de parte o sección de la obra Colección de los mejores autores antiguos y modernos, nacionales y extranjeros
Designación de volumen o secuencia 152
9 (RLIN) 188447
852 ## - LOCALIZACIÓN
Ubicación ES-MaACL
Número de control de estantería G-11156
Holdings
Estatus retirado Estado de pérdida Estado de daño No para préstamo Biblioteca de origen Biblioteca actual Ubicación en estantería Fecha de adquisición Fuente de adquisición Total de préstamos Signatura topográfica completa Código de barras Visto por última vez Precio de reemplazo Tipo de ítem Koha
        Biblioteca del Ateneo de Madrid Biblioteca del Ateneo de Madrid Sala Pecera Planta 3 31/08/2015     G-11156 1194106 23/02/2023 23/02/2023 Libro impreso